000 00519 a2200193 4500
001 62208
005 20260407155916.0
008 260407a1979 arg spa d
003 AR-UNSa-BCEJYS
040 _aAR-UNSa-BCEJYS
_bspa
_cAR-UNSa-BCEJYS
080 _a369
_xSeguridad social
245 1 0 _aManual de asignaciones familiares
264 1 _aBuenos Aires :
_bCangallo
_c1979
300 _a333 p.
_c23 cm.
041 _aspa
942 _cBK
590 _aniveau_biblio:m niveau_hierar:0
100 1 _aRubio, Valentín
999 _c7607
_d7607